Central Library OPAC University of Rajshahi

Twentieth century interpretations of Tom Jones : (Record no. 18773)

MARC details
000 -LEADER
fixed length control field 00992cam a22002892a 4500
001 - CONTROL NUMBER
control field 18773
003 - CONTROL NUMBER IDENTIFIER
rucl marc code BD-RjUL
005 - DATE AND TIME OF LATEST TRANSACTION
control field 20211209000331.0
008 - FIXED-LENGTH DATA ELEMENTS--GENERAL INFORMATION
fixed length control field 140223s1968 nju b 000 0 eng d
035 ## - SYSTEM CONTROL NUMBER
System control number OCLC ocm00171236 from D950712M
-- (BD-RjUL)18831
040 ## - CATALOGING SOURCE
Original cataloging agency DLC
Transcribing agency DLC
Modifying agency PBE
-- BD-RjUL
Language of cataloging eng
041 ## - LANGUAGE CODE
Language code of text/sound track or separate title eng
082 ## - DEWEY DECIMAL CLASSIFICATION NUMBER
Classification number 823.8
Author mark and year TWE 1968
245 10 - TITLE STATEMENT
Title Twentieth century interpretations of Tom Jones :
Remainder of title a collection of critical essays /
Statement of responsibility, etc. edited by Martin C. Battestin
260 ## - PUBLICATION, DISTRIBUTION, ETC. (IMPRINT)
Place of publication, distribution, etc. Englewood Cliffs, N.J :
Name of publisher, distributor, etc. Prentice-Hall,
Date of publication, distribution, etc. c1968.
300 ## - PHYSICAL DESCRIPTION
Pagination vii, 119 p. ;
Size 21 cm
490 1# - SERIES STATEMENT
Series statement Twentieth century interpretations
Series statement Spectrum book
504 ## - BIBLIOGRAPHY, ETC. NOTE
Bibliography, etc Includes bibliographical references.
600 10 - SUBJECT ADDED ENTRY--PERSONAL NAME
Personal name Fielding, Henry,
Dates associated with a name 1707-1754.
650 ## - SUBJECT ADDED ENTRY--TOPICAL TERM
Topical term or geographic name as entry element Foundlings in literature
9 (RLIN) 57872
700 ## - ADDED ENTRY--PERSONAL NAME
Personal name Battestin, Martin C.
830 #0 - SERIES ADDED ENTRY--UNIFORM TITLE
Uniform title Twentieth century interpretations
Uniform title Spectrum book
942 ## - ADDED ENTRY ELEMENTS (KOHA)
Source of classification or shelving scheme Dewey Decimal Classification
Koha item type Books
Holdings
Lost status Source of classification or shelving scheme Damaged status Not for loan Collection code Permanent Location Current Location Shelving location Date acquired Source of acquisition Cost, normal purchase price Total Checkouts Full call number Date last seen Copy number Koha item type
  Dewey Decimal Classification   Not For Loan Fiction Central Library, University of Rajshahi Central Library, University of Rajshahi Reading Room 03/10/1973 Province Book Depot. 11.25   823.8 TWE 1968 22/02/2014 C-1 Books